000 00787nam a2200253 a 4500
001 BRL_1630
005 20190320211310.0
008 150414s1960----gw-aboe###---#000-0#ger-#
041 _ager
044 _agw
050 4 _aTX360.P4
_b.H61 1960
100 1 _aHorkheimer, Hans
_927485
245 1 0 _aNahrung und nahrungsgewinnung im vorspanischen Peru
_cHans Horkheimer.
260 _aBerlin
_bColloquium
_c1960
300 _a155 p.
_bil., mapas, planos
_c21 cm.
440 0 _aBibliotheca Ibero-Americana
_vBand II
_927486
500 _aAu1841
504 _aBibliografía: p. 140-148
650 1 4 _aDieta
_zPerú
_927487
650 1 4 _aIndígenas de América del Sur
_xAgricultura
_zPerú
_927488
650 1 4 _aAbastecimiento de alimentos
_zPerú
_927489
902 _aGRL
942 _2lcc
_cB
999 _c10439
_d10439